000 00705nam a2200217Ii 4500
003 JO-AjNU
008 230605s9999||||xx |||||||||||||| ||und||
017 _a2003/11/2293
040 _aJO-AjNU
_bara
_erda
_cJO-AjNU
041 _aara
050 1 4 _aPJ7814.Z52.A17 2004
100 3 _aتأليف العزة،يوسف ,
_eauthor
_911108
245 0 0 _aديوان الفردوس المفقود
250 _aط1
264 3 1 _aعمان:مركز الكتاب الأكاديمي،2003
300 _a180ص
336 _atext
_btxt
_2rdacontent
337 _aunmediated
_bn
_2rdamedia
338 _avolume
_bnc
_2rdacarrier
650 4 _a الشعر العربي - القرن العشرون - فلسطين
_911109
999 _aA2153
_c5721
_d5721